000 00934nac a22002657a 4500
001 BR7600365
003 BR-BrBNA
005 20240105113909.0
008 230509b bl.|||m| |||| 00| 0 por d
040 _aBR-BrBNA
_bpor
_cBiblioteca Nacional de Agricultura
072 _aF00; H10; H20
090 _a0180 BR7600365
110 1 _aEmpresa Brasileira de Pesquisa Agropecuaria, Pelotas, RS. Representacao Estadual no Rio Grande do Sul
_93900
245 1 _aPacotes tecnologicos para o trigo [Rio Grande do Sul; Brasil]
260 3 _aPelotas, RS (Brasil):
_c1975.
300 _a67 p.
490 _aCircular - Empresa Brasileira de Pesquisa Agropecuaria. Representacao Estadual no Rio Grande do Sul (Brazil)
_vno. 71
_x
650 _aTRIGO
650 _aPRATICA CULTURAL
650 _aVARIEDADE
650 _aCOLHEITA
650 _aRIO GRANDE DO SUL
909 _a202312
_bLúcia Elande
_c55
_dLúcia Elande
942 _2AGRIS
_n0
_cMS
999 _c266219
_d266219